01226nam a22001817a 450000500170000000800410001704100120005808200160007010000260008624500340011226000420014630000080018852006930019665000210088994200070091099900190091795201080093620240508145741.0240502b        |||||||| |||| 00| 0 eng d  aEnglish  a646.33bMOY  aMoyer Earl D.9206406  aPrinciples of Double Knitting  bMontrose Supply & Equipment Co.c1972  a121  a•	Weaving
•	Warp & Weft Knitting
•	Types of Needles
•	Needle Housing of Weft Knitting Machines
•	The Latch Needle in Operation
•	Cam Action
•	Construction of Fabric
•	Types of Double Knit Machines
•	 Gating
•	Miss & Tuck Stitches
•	Classic Fabrics
•	Tension
•	Needle Timing
•	Yarn Carrier Settings
•	Jacquard Fabrics
•	Yielding
•	Trouble Shooting
•	Barrs & Color Defects
•	Needle Oiling
•	Re-needling of Double Knit Machines
•	Fibers
•	Production Formula
•	Patterning on Wheel Machines
•	Patterning on Drum Machines
•	Patterning on Peg Drum Machines
•	Patterning on Clavette Drum Machines
•	Jacquard Card Patterning
•	Mini-Jacquard
  aKnitting9185101  cDB  c357848d357848  00102ddc4070aSOFTbSOFTd2024-03-22l0o646.33 MOYpSOFT-BK-D90r2024-05-02 00:00:00v1.00yDBzD90